00506nam a2200133Ia 4500008004100000100002100041245010200062245005800164260005300222260000900275300001200284650001500296856006100311170221s9999 xx 000 0 und d aMaznah Mat Kasim aDevelopment of a Two-dimensional Productivity Measurement Model for Higher Learning Institutions  cMaznah Mat Kasim, Rosmaini Kashim, Rahela Abdul Rahim bInternational Review of Management and Marketing c2016 a15 : 20 xMarketing. uhttp://www.econjournals.com/index.php/irmm/issue/view/91